| 000 | 00836nam a22002297a 4500 | ||
|---|---|---|---|
| 003 | OSt | ||
| 005 | 20180922113137.0 | ||
| 008 | 180226b xxu||||| |||| 00| 0 spa d | ||
| 020 | _a9505083351 | ||
| 040 | _cPJ | ||
| 100 |
_937 _aCreo Bay, Horacio |
||
| 245 | 1 | 0 |
_aRecurso extraordinario por salto de instancia / _cHoracio D. Creo Bay. |
| 260 |
_aBuenos Aires : _bAstrea, _c1990. |
||
| 300 |
_a112 p. _c20 cm. |
||
| 500 | _aNotas y citas a pie de página. | ||
| 505 | _aContenido: Antecedentes -- El nacimiento del "per saltum" -- Análisis del caso "Dromi" -- Requisitos -- Criterio de admisibilidad -- Trámite. | ||
| 650 | 0 |
_aDERECHO PROCESAL _9267 |
|
| 650 | 0 |
_aFALLOS DE LA CORTE SUPREMA _9699 |
|
| 650 | 0 |
_aRECURSO EXTRAORDINARIO _92044 |
|
| 650 | 0 |
_aPER SALTUM _92256 |
|
| 942 |
_2udc _cLIB _h347.9:342.4 _iCREO |
||
| 999 |
_c1505 _d1505 |
||